Régions ayant le plus voté pour Reconquête (2022) - Statistiques

Statistiques générales
  • Ce quiz a été pris 39 fois
  • Le résultat moyen est 10 sur 17
Statistiques - réponses
Score Région % Correct
12,80% Corse
86%
11,71% Provence-Alpes-Côte-d'Azur
86%
7,86% Occitanie
75%
7,39% Auvergne-Rhône-Alpes
68%
7,46% Île-de-France
64%
4,91% Bretagne
61%
7,17% Grand Est
61%
6,58% Centre-Val-de-Loire
54%
2,29% Guadeloupe
54%
3,77% La Réunion
54%
2,56% Martinique
54%
6,15% Nouvelle-Aquitaine
54%
7,15% Bourgogne Franche-Comté
50%
4,39% Guyane
50%
5,58% Normandie
46%
5,90% Hauts-de-France
43%
5,38% Pays de la Loire
43%
Aucun quiz correspondant
Distribution des résultats
% des personnes avec chaque résultat
Percentile par nombre de réponses
Votre historique - résultats
Vous n’avez pas pris ce quiz